[Event "Titled Tuesday intern op1 4th Febr"]
[Site "Chess.com INT"]
[Date "2020.02.04"]
[Round "9"]
[White "Okike, David"]
[Black "Person Abrantes, Beira"]
[Result "1-0"]
[WhiteElo "2180"]
[BlackElo "2084"]
[PlyCount "77"]
[EventDate "2020.02.04"]
[EventType "swiss (blitz)"]
[EventRounds "10"]
[EventCountry "USA"]
[SourceTitle "EXT 2021"]
[Source "ChessBase"]
[SourceDate "2020.10.23"]
[SourceVersion "1"]
[SourceVersionDate "2020.10.23"]
[SourceQuality "1"]

1. e4 d5 2. exd5 Qxd5 3. Nc3 Qa5 4. Bc4 c6 5. d3 Nf6 6. Bd2 Bg4 7. f3 Bf5 8. Nge2 e5 9. h4 h5 10. Ng3 Bg6 11. Qe2 Nbd7 12. 0-0-0 0-0-0 13. Kb1 Bb4 14. a3 Bxa3 15. bxa3 Qxa3 16. Na2 b5 17. Bb4 Qa6 18. Bb3 c5 19. Bc3 c4 20. dxc4 Qa3 21. Ne4 Nc5 22. Nxc5 Qxc5 23. Qxe5 Qxe5 24. Bxe5 Nd7 25. Bxg7 Rhg8 26. Bd4 bxc4 27. Bxc4 Nb6 28. Bb3 Nd5 29. Bxa7 Nf4 30. g3 Ne2 31. g4 Kb7 32. Be3 Kc6 33. Rhe1 Ng3 34. Rxd8 Rxd8 35. Bf4 hxg4 36. Bxg3 gxf3 37. Nc3 Rd2 38. Rf1 Rg2 39. Rxf3 1-0

[Event "Titled Tuesday intern op1 4th Febr"]
[Site "Chess.com INT"]
[Date "2020.02.04"]
[Round "4"]
[White "Person Abrantes, Beira"]
[Black "Horak, Martin"]
[Result "0-1"]
[WhiteElo "2090"]
[BlackElo "2324"]
[PlyCount "73"]
[EventDate "2020.02.04"]
[EventType "swiss (blitz)"]
[EventRounds "10"]
[EventCountry "USA"]
[SourceTitle "EXT 2021"]
[Source "ChessBase"]
[SourceDate "2020.10.23"]
[SourceVersion "1"]
[SourceVersionDate "2020.10.23"]
[SourceQuality "1"]

1. d4 Nf6 2. c4 e6 3. Nc3 Bb4 4. Qc2 0-0 5. e3 b6 6. Nf3 Bb7 7. Bd3 d5 8. cxd5 exd5 9. 0-0 Nbd7 10. Ne2 Bd6 11. Ng3 g6 12. b3 Rc8 13. Bb2 Qe7 14. Rac1 c5 15. dxc5 bxc5 16. Qc3 d4 17. exd4 Bxf3 18. gxf3 Nd5 19. Qa5 Nf4 20. Ba6 Qh4 21. Rfe1 c4 22. Ne2 Nxe2+ 23. Kf1 Nf4 24. Re4 Qh3+ 25. Ke1 Nd3+ 26. Ke2 Rce8 27. Rg1 Rxe4+ 28. fxe4 Nxb2 29. Qd2 Qd3+ 30. Qxd3 cxd3+ 31. Kd2 Bb4+ 32. Kc1 Bc3 33. d5 d2+ 34. Kc2 d1Q+ 35. Rxd1 Nxd1 36. Kxd1 Nc5 37. Bc4 0-1

[Event "Titled Tuesday intern op1 4th Febr"]
[Site "Chess.com INT"]
[Date "2020.02.04"]
[Round "3"]
[White "Przybylski, Wojciech"]
[Black "Person Abrantes, Beira"]
[Result "1-0"]
[WhiteElo "2321"]
[BlackElo "2092"]
[PlyCount "79"]
[EventDate "2020.02.04"]
[EventType "swiss (blitz)"]
[EventRounds "10"]
[EventCountry "USA"]
[SourceTitle "EXT 2021"]
[Source "ChessBase"]
[SourceDate "2020.10.23"]
[SourceVersion "1"]
[SourceVersionDate "2020.10.23"]
[SourceQuality "1"]

1. d4 Nf6 2. c4 c6 3. Nf3 d5 4. Nc3 e6 5. e3 Nbd7 6. Qc2 Bd6 7. b3 0-0 8. Be2 a6 9. c5 Bc7 10. Bb2 e5 11. h3 Re8 12. 0-0-0 b6 13. cxb6 Bxb6 14. Na4 e4 15. Ne5 Nxe5 16. dxe5 Nd7 17. Qxc6 Rb8 18. Qxd5 Qc7+ 19. Kb1 Nxe5 20. Nxb6 Nd3 21. Bxd3 exd3 22. Nxc8 Qc2+ 23. Ka1 Rbxc8 24. Qxd3 Qxf2 25. Rhf1 Qg3 26. e4 Qg6 27. e5 Qe6 28. Qd5 a5 29. Qxe6 Rxe6 30. Rd7 Rce8 31. Rfxf7 Rg6 32. g4 h5 33. e6 Rexe6 34. Rxg7+ Rxg7 35. Rxg7+ Kf8 36. a3 Re1+ 37. Ka2 Re2 38. gxh5 Rxb2+ 39. Kxb2 Kxg7 40. Kc3 1-0

[Event "Titled Tuesday intern op 7th March"]
[Site "Chess.com INT"]
[Date "2017.03.07"]
[Round "11"]
[White "Foisor, Sabina Francesca"]
[Black "Person Abrantes, Beira"]
[Result "0-1"]
[WhiteElo "2272"]
[BlackElo "2155"]
[PlyCount "122"]
[EventDate "2017.03.07"]
[EventType "swiss (blitz)"]
[EventRounds "11"]
[EventCountry "USA"]
[SourceTitle "EXT 2021"]
[Source "ChessBase"]
[SourceDate "2020.10.23"]
[SourceVersion "1"]
[SourceVersionDate "2020.10.23"]
[SourceQuality "1"]

1. d4 Nf6 2. c4 e6 3. Nc3 d5 4. cxd5 exd5 5. Bg5 c6 6. e3 Nbd7 7. Bd3 Bb4 8. Nge2 0-0 9. 0-0 Bd6 10. Qc2 h6 11. Bh4 Qc7 12. Bg3 a6 13. Rad1 Re8 14. Qd2 Nh5 15. Bxd6 Qxd6 16. a3 Ndf6 17. Ng3 Ng4 18. Be2 Nxg3 19. hxg3 h5 20. Bf3 Bf5 21. Rfe1 h4 22. gxh4 Qh2+ 23. Kf1 Qxh4 24. Bxg4 Bxg4 25. f3 Qh1+ 26. Kf2 Qh4+ 27. Kg1 Bf5 28. Qf2 Qg5 29. e4 dxe4 30. fxe4 Bg4 31. Rd3 Re6 32. Rg3 Rh6 33. Rf1 Qh5 34. Qf4 Qh2+ 35. Kf2 Rf6 36. Qxf6 gxf6 37. Rxg4+ Kf8 38. Ne2 Qh5 39. Rf4 Qg5 40. Kg1 Ke7 41. R1f2 Rg8 42. Nc1 Rg6 43. Nd3 Qb5 44. Nc5 Qc4 45. e5 fxe5 46. Rxf7+ Qxf7 47. Rxf7+ Kxf7 48. dxe5 b6 49. Nxa6 Ke6 50. Nb4 c5 51. Nd3 Rg3 52. Nc1 Kxe5 53. Kf2 Rg7 54. Kf3 Kd4 55. g4 Rf7+ 56. Kg3 Rf1 57. Ne2+ Ke3 58. Nc3 Rg1+ 59. Kh4 Kf4 60. Nd5+ Kf3 61. g5 Rh1# 0-1

[Event "Titled Tuesday intern op 7th March"]
[Site "Chess.com INT"]
[Date "2017.03.07"]
[Round "5"]
[White "Person Abrantes, Beira"]
[Black "Moskalenko, Alexander"]
[Result "0-1"]
[WhiteElo "2128"]
[BlackElo "2500"]
[PlyCount "78"]
[EventDate "2017.03.07"]
[EventType "swiss (blitz)"]
[EventRounds "11"]
[EventCountry "USA"]
[SourceTitle "EXT 2021"]
[Source "ChessBase"]
[SourceDate "2020.10.23"]
[SourceVersion "1"]
[SourceVersionDate "2020.10.23"]
[SourceQuality "1"]

1. d4 d5 2. c4 c6 3. Nc3 Nf6 4. e3 a6 5. cxd5 cxd5 6. Nf3 Nc6 7. h3 g6 8. Bd3 Bg7 9. 0-0 0-0 10. Re1 b6 11. e4 dxe4 12. Nxe4 Nd5 13. Bc4 Na5 14. Bf1 Bb7 15. Bg5 h6 16. Bd2 Nc6 17. Rc1 e6 18. a3 Qe7 19. Nc3 Nxc3 20. Bxc3 Rfd8 21. Qb3 Nxd4 22. Nxd4 Bxd4 23. Bxd4 Rxd4 24. Qxb6 Rd6 25. Qb4 a5 26. Qf4 g5 27. Qe5 Rd5 28. Qg3 a4 29. Rc7 Rd7 30. Rec1 Bd5 31. Rxd7 Qxd7 32. Rc7 Qd8 33. h4 Qf6 34. hxg5 hxg5 35. Qg4 Kg7 36. Bd3 Rh8 37. Rc2 Qe5 38. Re2 Qh2+ 39. Kf1 Qh1# 0-1

[Event "Titled Tuesday intern op 7th June"]
[Site "Chess.com INT"]
[Date "2016.06.07"]
[Round "1"]
[White "Pozo, Sandro"]
[Black "Person Abrantes, Beira"]
[Result "1-0"]
[WhiteElo "2190"]
[BlackElo "2066"]
[PlyCount "67"]
[EventDate "2016.06.07"]
[EventType "swiss (blitz)"]
[EventRounds "9"]
[EventCountry "USA"]
[SourceTitle "EXT 2021"]
[Source "ChessBase"]
[SourceDate "2020.10.23"]
[SourceVersion "1"]
[SourceVersionDate "2020.10.23"]
[SourceQuality "1"]

1. d4 Nf6 2. Nf3 e6 3. c4 d5 4. Nc3 c6 5. g3 Be7 6. Bg2 Nbd7 7. 0-0 Nf8 8. Ne5 Ng6 9. f4 0-0 10. c5 Nd7 11. e4 f6 12. Nxg6 hxg6 13. exd5 exd5 14. Nxd5 cxd5 15. Bxd5+ Kh7 16. Qg4 f5 17. Qh3+ Bh4 18. Bb3 Re8 19. Bd2 Re2 20. Bc3 Nf8 21. Rae1 Re4 22. d5 g5 23. fxg5 Qxg5 24. Rxe4 fxe4 25. Qxh4+ Qxh4 26. gxh4 Bh3 27. Re1 Re8 28. Bc2 Bf5 29. h5 Nd7 30. b4 Nf6 31. Bxf6 gxf6 32. Rf1 Re5 33. Rxf5 Rxf5 34. Bxe4 1-0